Research Methodology (Record no. 3171)

MARC details
000 -LEADER
fixed length control field 00391nam a22001697a 4500
005 - DATE AND TIME OF LATEST TRANSACTION
control field 20180220152825.0
008 - FIXED-LENGTH DATA ELEMENTS--GENERAL INFORMATION
fixed length control field 160618b xxu||||| |||| 00| 0 eng d
020 ## - INTERNATIONAL STANDARD BOOK NUMBER
ISBN 978-81-224-1584-3
041 ## - LANGUAGE CODE
Language code of text/sound track or separate title eng
082 ## - DEWEY DECIMAL CLASSIFICATION NUMBER
Item number 8258
Classification number 001.42
100 ## - MAIN ENTRY--AUTHOR NAME
Personal name KOTHARI, C.R.
245 ## - TITLE STATEMENT
Title Research Methodology
260 ## - PUBLICATION, DISTRIBUTION, ETC. (IMPRINT)
Name of publisher New Age
Year of publication 2009
300 ## - PHYSICAL DESCRIPTION
Number of Pages 389
650 ## - SUBJECT ADDED ENTRY--TOPICAL TERM
Topical Term Management
942 ## - ADDED ENTRY ELEMENTS (KOHA)
Koha item type Books
Holdings
Lost status Damaged status Collection code Home library Current library Shelving location Date acquired Cost, normal purchase price Full call number Accession Number Koha item type
    LIFE SKILL JRU Library JRU Library SHELF-46-C 18/06/2016 200.00 001.42 8258 Books
    MANAGEMENT JRU Library JRU Library   18/06/2016 200.00 001.42 8259 Books
      JRU Library   SHELF-8-A 18/06/2016 200.00 001.42 8260 Books
    MANAGEMENT JRU Library JRU Library   18/06/2016 200.00 001.42 8261 Books
      JRU Library   SHELF-8-A 18/06/2016 200.00 001.42 8262 Books
    MANAGEMENT JRU Library JRU Library   18/06/2016 200.00 001.42 8263 Books
    MANAGEMENT JRU Library JRU Library   18/06/2016 200.00 001.42 8264 Books
    MANAGEMENT JRU Library JRU Library   18/06/2016 200.00 001.42 8265 Books